000 00258 a2200097 4500
001 54794
100 _aMallat, Stephane
245 _aWavelet tour of signal processing, 2nd
260 _aCA, USA
_bAcademic Press, CA USA
_c2006
090 _c33983
_d33983
942 _aNUST-CAE
_cMONOGRAPH
_c26650
999 _c289867
_d289867